Normal view
MARC view
- تحرير:حسين محمد القزاز؛اشراف ومراجعة: احمد صقر عاشور
Entry Personal Name
001 - CONTROL NUMBER
- control field: 32889
003 - CONTROL NUMBER IDENTIFIER
- control field: JO-AjAnu
005 - DATE AND TIME OF LATEST TRANSACTION
- control field: 20230606075525.0
008 - FIXED-LENGTH DATA ELEMENTS
- fixed length control field: 230606|| aca||aabn | a|a d
040 ## - CATALOGING SOURCE
- Original cataloging agency: JO-AjAnu
- Transcribing agency: JO-AjAnu
100 ## - HEADING--PERSONAL NAME
- Personal name: تحرير:حسين محمد القزاز؛اشراف ومراجعة: احمد صقر عاشور
670 ## - SOURCE DATA FOUND
- Source citation: Work cat.: (JO-AjAnu)16897: تحرير:حسين محمد القزاز؛اشراف ومراجعة: احمد صقر عاشور, author, حالات إدارية عربية :تطوير الجهاز الحكومي والمشروعات العامة في ظروف تنموية جديدة( دليل المدرب)